Normal view MARC view

Entry Personal Name

Number of records used in: 2

001 - CONTROL NUMBER

  • control field: 56201

003 - CONTROL NUMBER IDENTIFIER

  • control field: dpl

005 - DATE AND TIME OF LATEST TRANSACTION

  • control field: 20230911122847.0

008 - FIXED-LENGTH DATA ELEMENTS

  • fixed length control field: 230911|| aca||aabn | a|a d

040 ## - CATALOGING SOURCE

  • Original cataloging agency: dpl
  • Transcribing agency: dpl

100 ## - HEADING--PERSONAL NAME

  • Personal name: Jose,Fabian

670 ## - SOURCE DATA FOUND

  • Source citation: Work cat.: (dpl)197118: Jose,Fabian, Renewed Vision for Consecrated Life:, 2016

© Delhi Public Library
Hit Counter
free hit counter